000 02588cam a22002413a 4500
001 6328
003 PGUSA
005 20140828083131.0
008 040801s2004||||xxu|||||s|||||000 d eng d
040 _aPGUSA
_beng
042 _adc
050 4 _aPZ
245 1 4 _aThe Junior Classics — Volume 5 :
_bStories that never grow old
_h[electronic resource]
260 _bProject Gutenberg,
_c2004
505 0 _aArabian Nights -- --Ali Baba and the Forty Thieves -- --The Story of Aladdin; or the Wonderful Lamp -- --Sindbad the Sailor -- Robinson Crusoe -- --Robinson Crusoe is Shipwrecked, by Daniel Defoe -- --Alone on a Desolate Island, by Daniel Defoe -- --The Building of the Boat, by Daniel Defoe -- --Finds the Print of a Man's Foot on the Sand, by Daniel Defoe -- --Friday Rescued from the Cannibals, by Daniel Defoe -- --Robinson Crusoe Rescued, by Daniel Defoe -- Gulliver's Travels -- --Gulliver is Shipwrecked and Swims for His Life, by Jonathan Swift -- --Gulliver at the Court of Lilliput, by Jonathan Swift -- --Gulliver Captures Fifty of the Enemy's Ships, by Jonathan Swift -- --Gulliver Leaves Lilliput, by Jonathan Swift -- --Gulliver in the Land of the Giants, by Jonathan Swift -- --Some of Gulliver's Adventures, by Jonathan Swift -- --Gulliver Escapes from the Eagle, by Jonathan Swift -- The Plays Of Shakespeare -- --A Midsummer-Night's Dream, by E. Nesbit -- --The Tempest, by E. Nesbit -- --As You Like It, by E. Nesbit -- --The Merchant of Venice, by E. Nesbit -- Pilgrim's Progress -- --Christian Starts on His Journey, by John Bunyan -- --The Interpreter Shows Christian Many Excellent Things, by John Bunyan -- --Christian's Fight With the Monster Apollyon, by John Bunyan -- --Christian and Hopeful are Captives in Doubting Castle, by John Bunyan -- --Christian and Hopeful Arrive at the Coelestial City, by John Bunyan -- Ivanhoe And Guy Mannering, by Sir Walter Scott -- --Ivanhoe, by Sir Edward Sullivan -- --Guy Mannering, by Sir Edward Sullivan -- The Startling Adventures Of Baron Munchausen -- --An Adventure With a Lion and a Crocodile, by R. E. Raspe -- --Crossing the Thames Without the Aid of Bridge, Boat or Balloon, by R. E. Raspe -- --Two Strange Adventures in Russia, by R. E. Raspe -- --Shooting a Stag With Cherrystones, by R. E. Raspe -- --The Baron's Wonderful Dog, by R. E. Raspe
506 _aPublic domain in the USA.
516 _aElectronic text
653 _aChildren's literature
700 1 _aPatten, William,
_d1868-1936
830 0 _aProject Gutenberg
_v6328
856 4 0 _uhttp://www.gutenberg.org/ebooks/6328
942 _cEB
999 _c235651
_d235651